| 000 | 00944nam0a2200313 4500 | ||
|---|---|---|---|
| 001 | RU\NLR\bibl\159007 | ||
| 005 | 20250618053026.0 | ||
| 010 |
_a5-237-05700-4 _915000 |
||
| 021 |
_aRU _b2000-43751 _92023 |
||
| 021 |
_aRU _b2000-44782 _92063 |
||
| 035 | _a(NLR Aleph) 000155965 | ||
| 090 |
_a896124 _c896124 |
||
| 100 | _a20010530d2000 |||y0rusy50 ca | ||
| 101 | 1 |
_arus _cger |
|
| 102 | _aRU | ||
| 105 | _aa ||||||||| | ||
| 200 | 1 |
_aКосмос _f[Михаэль Бул _gПер. с нем. Г.А. Яшиной] |
|
| 210 |
_aМ. _cПланета детства и др. _d2000 |
||
| 215 |
_a40 с. _cцв. ил. _d28 |
||
| 225 | 1 | _aВсе обо всем | |
| 300 | _aАвт. указан на обороте тит.л. | ||
| 686 |
_aШ9 _bВ656 |
||
| 700 | 1 |
_aБул _bМ. _gМихаэль _4070 |
|
| 801 | 0 |
_aRU _bNLR _c20010530 _gPSBO |
|
| 801 | 1 |
_aRU _bNLR _c20010530 |
|
| 942 | _cBOOK | ||
| 980 | _aNB | ||